LEADER 01596nam 2200373Ia 450 001 996396085603316 005 20200824125302.0 035 $a(CKB)4330000000348894 035 $a(EEBO)2240919073 035 $a(OCoLC)ocm33151120e 035 $a(OCoLC)33151120 035 $a(EXLCZ)994330000000348894 100 $a19950918d1579 uy | 101 0 $aeng 135 $aurbn||||a|bb| 200 10$aSermons of M. Iohn Caluine, vpon the X. Commandementes of the Lawe$b[electronic resource] $egeuen of God by [sic] Moses, otherwise called the Decalogue /$fgathered word for word, presently at his sermons, when he preached on Deuteronomie, without adding vnto, or diminishing from them anything afterward ; translated out of Frenche into English, by I.H 210 $aImprinted at London $cFor George Bishop$d1579 215 $a[6], 125 [i.e. 150], [2] p 300 $aPages numbered on recto only. 300 $aTitle page printed within ornamental border. 300 $aColophon reads: Imprinted at London, at the Three Cranes of the Vinetree, by Thomas Dawson, for George Bishop, Anno. 1579. 300 $aSignatures: A-Z?, 2A-2H?, 2IČ. 300 $aReproduction of original in: University of Aberdeen. Library. 330 $aeebo-0003 606 $aTen commandments$vSermons 615 0$aTen commandments 700 $aCalvin$b Jean$f1509-1564.$0154241 801 0$bEBK 801 1$bEBK 801 2$bWaOLN 906 $aBOOK 912 $a996396085603316 996 $aSermons of M. Iohn Caluine, vpon the X. Commandementes of the Lawe$92420773 997 $aUNISA